000 01914nam0a2200325 4500
001 RU\NLR\BIBL_A\022196807
005 20240610121410.0
010 _a978-5-94952-056-7
_9100
021 _aRU
_bКН-П-24-015126
_9КН-П-24-1595
035 _a(NLR Aleph) 022196807
090 _a13030974
_c13030974
100 _a20240415d2023 u y0rusy50 ca
101 0 _arus
102 _aRU
105 _aa j 000yy
181 0 _ai3
_baxxe
182 0 _an
200 1 _aУголовно-правовая и криминологическая характеристика незаконного изготовления и оборота порнографических материалов и предметов
_eучебное пособие
_eдля студентов, аспирантов, преподавателей юридических вузов и факультетов
_fЮ. А. Тимошенко
_gУниверситет прокуратуры Российской Федерации
203 _aТекст
_bвизуальный
_cнепосредственный
210 _aМосква
_cУниверситет прокуратуры Российской Федерации
_d2023
215 _a81 с.
_cил.
_d21
300 _aНа обороте тит. с. авт.: Ю. А. Тимошенко, д-р юрид. наук, доц.
320 _aБиблиогр.: с. 79-80 и в подстроч. примеч.
606 1 _aПорнография
_jУчебные издания для высших учебных заведений
_xУголовная ответственность
_yРоссийская Федерация
_92396037
_3RU\NLR\AUTH\661428573
686 1 _aХ628.112.034я73
700 1 _aТимошенко
_bЮ. А.
_gЮлия Александровна
942 _cBOOK
980 _aNB